Les historiettes de Tallemant des Réaux, tome troisième : (Record no. 268567)
[ view plain ]
| 000 -LEADER | |
|---|---|
| fixed length control field | 01084cam a22002893a 4500 |
| 001 - CONTROL NUMBER | |
| control field | 39314 |
| 003 - CONTROL NUMBER IDENTIFIER | |
| control field | PGUSA |
| 005 - DATE AND TIME OF LATEST TRANSACTION | |
| control field | 20140828083855.0 |
| 008 - FIXED-LENGTH DATA ELEMENTS--GENERAL INFORMATION | |
| fixed length control field | 120331s2012||||xxu|||||s|||||000 | eng d |
| 040 ## - CATALOGING SOURCE | |
| Original cataloging agency | PGUSA |
| Language of cataloging | eng |
| 042 ## - AUTHENTICATION CODE | |
| Authentication code | dc |
| 050 #4 - LIBRARY OF CONGRESS CALL NUMBER | |
| Classification number | DC |
| 100 1# - MAIN ENTRY--PERSONAL NAME | |
| Personal name | Tallemant des Réaux, |
| Dates associated with a name | 1619-1690 |
| 245 10 - TITLE STATEMENT | |
| Title | Les historiettes de Tallemant des Réaux, tome troisième : |
| Remainder of title | Mémoires pour servir à l'histoire du XVIIe siècle |
| Medium | [electronic resource] / |
| Statement of responsibility, etc | Tallemant des Réaux |
| 260 ## - PUBLICATION, DISTRIBUTION, ETC. (IMPRINT) | |
| Name of publisher, distributor, etc | Project Gutenberg, |
| Date of publication, distribution, etc | 2012 |
| 506 ## - RESTRICTIONS ON ACCESS NOTE | |
| Terms governing access | Public domain in the USA. |
| 516 ## - TYPE OF COMPUTER FILE OR DATA NOTE | |
| Type of computer file or data note | Electronic text |
| 653 ## - INDEX TERM--UNCONTROLLED | |
| Uncontrolled term | France -- History -- Louis XIII, 1610-1643 |
| 653 ## - INDEX TERM--UNCONTROLLED | |
| Uncontrolled term | France -- Biography |
| 653 ## - INDEX TERM--UNCONTROLLED | |
| Uncontrolled term | France -- History -- Louis XIV, 1643-1715 |
| 700 1# - ADDED ENTRY--PERSONAL NAME | |
| Personal name | Monmerqué, L.-J.-N. |
| Fuller form of name | (Louis-Jean-Nicolas), |
| Dates associated with a name | 1780-1860 |
| 700 1# - ADDED ENTRY--PERSONAL NAME | |
| Personal name | Chateaugiron, H. de, marquis de |
| Fuller form of name | (René-Charles-Hippolyte Le Prestre de Lézonnet), |
| Dates associated with a name | 1774-1848 |
| 700 1# - ADDED ENTRY--PERSONAL NAME | |
| Personal name | Taschereau, Jules-Antoine, |
| Dates associated with a name | 1801-1874 |
| 830 #0 - SERIES ADDED ENTRY--UNIFORM TITLE | |
| Uniform title | Project Gutenberg |
| Volume number/sequential designation | 39314 |
| 856 40 - ELECTRONIC LOCATION AND ACCESS | |
| Uniform Resource Identifier | <a href="http://www.gutenberg.org/ebooks/39314">http://www.gutenberg.org/ebooks/39314</a> |
| 942 ## - ADDED ENTRY ELEMENTS (KOHA) | |
| Koha item type | eBooks |
| Withdrawn status | Lost status | Damaged status | Home library | Current library | Date acquired | Total Checkouts | Date last seen | Price effective from | Koha item type |
|---|---|---|---|---|---|---|---|---|---|
| Project Gutenberg | Project Gutenberg | 08/28/2014 | 08/28/2014 | 08/28/2014 | eBooks |